Novela zákona o správe daní a poplatkov

Pokračovanie príspevku o novele zákona o správe daní a poplatov. Prvá časť bola uverejnená v predchádzajúcom čísle.

Salvato in:
Dettagli Bibliografici
Autore principale: Beňová, Marcela
Natura: Capitolo di libro
Lingua:slovacco
Soggetti:
Tags: Aggiungi Tag
Nessun Tag, puoi essere il primo ad aggiungerne!!

MARC

LEADER 00000naa$a2200000$$$4500
001 0061725
005 20231127093051.3
041 0 |a slo 
044 |a SK 
245 1 0 |a Novela zákona o správe daní a poplatkov  |c Marcela Beňová 
520 |a Pokračovanie príspevku o novele zákona o správe daní a poplatov. Prvá časť bola uverejnená v predchádzajúcom čísle. 
610 2 0 |a správa daňová 
610 2 0 |a dane 
610 2 0 |a poplatky 
610 2 0 |a úpravy právne 
610 2 0 |a Slovensko 
610 2 0 |a nedoplatky 
100 1 |a Beňová, Marcela